[Event "Stay Safe Play From Home 266"]
[Site "Emanuel Lasker Arena"]
[Date "2020.06.30"]
[Round "2"]
[White "Physikus"]
[Black "Mepe_Nika"]
[Result "0-1"]
[WhiteElo "2080"]
[BlackElo "2373"]
[Annotator "TA"]
[PlyCount "120"]
[EventDate "2020.06.30"]
[EventType "swiss (blitz)"]

{[%evp 14,119,36,34,32,18,26,21,44,31,24,33,137,134,137,53,135,100,162,48,57,36,109,48,204,49,117,55,147,163,145,-45,8,-38,0,0,0,0,226,-97,69,-250,-250,-503,-461,-29991,-29992,-29993,-29994,-29994,-1319,-1278,-1312,-1242,-1221,-1187,-1187,-1045,-886,-1319,-1294,-1229,-488,-2525,-1540,-1845,-1071,-29985,-29986,-29986,-29986,-29991,-29992,-29993,-29987,-29987,-29988,-29988,-29989,-29993,-29994,-29994,-29993,-29994,-29994,-29994,-29993,-29994,-29967,-29994,-29994,-29995,-29995,-29996,-29997,-29997,-29997,-29998,-29997,-29997,-29997,-29999,-29998,-29999,-29999,-29999,-29999,-29999]} 1. e4 e5 2. Nf3 Nc6 3. Bc4 Nf6 4. Ng5 d5 5. exd5 Na5 6. Bb5+ c6 7. dxc6 bxc6 8. Bd3 Nd5 {C58: Two Knights: 4 Ng5 d5 5 exd5 Na5 sidelines.} 9. Nf3 Bd6 10. O-O O-O {The position is equal.} 11. Re1 Re8 12. Nc3 {[#]} Nxc3 $146 (12... f5 $14) ({Predecessor:} 12... f5 13. Bf1 e4 14. Nd4 Bc5 15. Nb3 Nxb3 16. axb3 Qb6 17. Re2 Bd4 18. Nxd5 cxd5 {1-0 (32) Aronian,L (2775)-Amin,B (2683) Moscow 2019}) 13. dxc3 $16 ({Of course not} 13. bxc3 $6 Rb8 $11) 13... h6 14. b4 (14. Nd2 $16) 14... Nb7 ({Black should play} 14... e4 $1 $14) 15. Bb2 f5 (15... a5 $16 {keeps fighting.}) 16. Bf1 (16. c4 $1 $18) 16... e4 $14 17. Nd4 {And now Qh5 would win.} Qc7 (17... Kh7 $14) 18. g3 (18. Qh5 $1 $16 {[%cal Rh5e8]} Rf8 19. Rad1) 18... Bd7 $2 (18... Kh7 $14) 19. a4 $2 (19. Qh5 $1 $18) 19... Kh8 (19... Be5 $14) 20. b5 ({Better is} 20. Qh5 $16) 20... Rad8 (20... c5 $14) 21. bxc6 $16 Bxc6 22. Nb5 $2 (22. Nxc6 $16 Qxc6 23. Bb5 {[%mdl 64] Skewer}) 22... Bxb5 (22... Qf7 $1 $15 23. Nd4 Bd7) 23. Bxb5 (23. axb5 $5 {[%cal Rd1h5]} Bc5 24. Qh5 $11) 23... Bxg3 24. Qh5 $1 {[%mdl 64] Double Attack} Bxf2+ $1 25. Kxf2 Rf8 $2 (25... Re6 $11 {and Black stays safe.}) 26. Qh4 $2 {[#]} (26. c4 $1 $18) 26... f4 $2 (26... a6 $1 $17 {[%cal Ra6b5][%mdl 512]} 27. c4 (27. Bxa6 Qb6+) 27... Rd6) 27. Rad1 $2 {[%mdl 8192] [#]} (27. c4 $1 $14 {stays ahead.} e3+ 28. Kg1) 27... e3+ $1 $19 28. Kf3 $2 (28. Kf1 {is the only way for White.} Rxd1 29. Rxd1) 28... Nd6 ({Worse is} 28... Rxd1 29. Rxd1 Qe5 30. Rd4 $15) 29. Ba3 (29. Rd5 $19 Nf5 30. Qxd8 Rxd8 31. Rxf5) 29... Qb7+ {[%mdl 64] Double Attack} 30. Ke2 Qg2+ 31. Kd3 Nf5+ (31... Qe4+ $142 32. Ke2 {[#]} Nxb5 $1 {[%mdl 512]} 33. Qg4 Nxc3+ {[%mdl 64] Double Attack} 34. Kf1 Qh1+ {[%mdl 64] Double Attack} 35. Qg1 Qf3+ {[%mdl 64] Double Attack} 36. Qf2 Qxf2#) 32. Qxd8 Rxd8+ 33. Kc4 Rc8+ 34. Kb3 Qb7 35. Bb4 a6 {[%cal Ba7a6,Ba6a5][%mdl 32]} 36. Bd3 a5 {[%mdl 64] ( -> ...Rxc3+!). Pin} 37. Bxf5 Rf8 (37... Qf7+ $142 38. Kb2 Qxf5) 38. Bc8 (38. Be4 $142 Qb6 {[%mdl 64] Pin} 39. Bf3) 38... Qf7+ 39. c4 axb4 40. Be6 Qxe6 {Black mates.} 41. Rd3 f3 42. Red1 e2 43. Rd8 e1=Q 44. Rxf8+ Kh7 45. Rxe1 Qxe1 {[%cal Re1b1]} 46. Rh8+ Kxh8 {[%cal Re1b1][%mdl 4096] Endgame} 47. a5 Qe2 48. Ka4 Qe3 49. Kb5 Qc3 50. c5 Qc4+ 51. Kb6 b3 52. Kc6 f2 53. Kc7 f1=Q 54. c6 Qf3 55. Kb7 Qff4 56. a6 Qe5 57. Ka8 Qd6 {[%cal Rc4a6]} 58. a7 Qdxc6+ 59. Kb8 Qc7+ 60. Ka8 Qc8# {Quite a comeback for Black. Accuracy: White = 29%, Black = 39%.} 0-1

[Event "Stay Safe Play From Home 266"]
[Site "Emanuel Lasker Arena"]
[Date "2020.06.30"]
[Round "2"]
[White "Lazieri3"]
[Black "Fischer_11"]
[Result "1-0"]
[WhiteElo "2058"]
[BlackElo "2005"]
[Annotator "NA"]
[PlyCount "125"]
[EventDate "2020.06.30"]
[EventType "swiss (blitz)"]

1. e4 {[%emt 0:00:01]} Nf6 {[%emt 0:00:00]} 2. Nc3 {[%emt 0:00:01]} d5 {[%emt 0:00:01]} 3. exd5 {[%emt 0:00:00]} Nxd5 {[%emt 0:00:00]} 4. Nxd5 {[%emt 0:00:00]} Qxd5 {[%emt 0:00:00]} 5. Qf3 {[%emt 0:00:00]} Qc5 {[%emt 0:00:01]} 6. c3 {[%emt 0:00:02]} e5 {[%emt 0:00:01]} 7. Qe2 {[%emt 0:00:01]} Nc6 {[%emt 0:00:01]} 8. Nf3 {[%emt 0:00:00]} Bg4 {[%emt 0:00:02]} 9. h3 {[%emt 0:00:01]} Bxf3 {[%emt 0:00:01]} 10. Qxf3 {[%emt 0:00:00]} f6 {[%emt 0:00:01]} 11. a4 {[%emt 0:00:02]} O-O-O {[%emt 0:00:01]} 12. Bb5 {[%emt 0:00:01]} a6 {[%emt 0:00:02]} 13. Bxc6 {[%emt 0:00:01]} Qxc6 {[%emt 0:00:00]} 14. Qxc6 {[%emt 0:00:01]} bxc6 {[%emt 0:00:00]} 15. Ke2 {[%emt 0:00:01]} Bc5 {[%emt 0:00:01]} 16. d3 {[%emt 0:00:01]} a5 {[%emt 0:00:01]} 17. Be3 {[%emt 0:00:01]} Bb6 {[%emt 0:00:01]} 18. Bxb6 {[%emt 0:00:01]} cxb6 {[%emt 0:00:00]} 19. Rhd1 {[%emt 0:00:01]} Kd7 {[%emt 0:00:01]} 20. Rd2 {[%emt 0:00:01]} Ke6 {[%emt 0:00:01]} 21. Rad1 {[%emt 0:00:00]} f5 {[%emt 0:00:01]} 22. d4 {[%emt 0:00:01]} exd4 {[%emt 0:00:02]} 23. Rxd4 {[%emt 0:00:01]} Rxd4 {[%emt 0:00:01]} 24. Rxd4 {[%emt 0:00:00]} g5 {[%emt 0:00:02]} 25. h4 {[%emt 0:00:03]} h6 {[%emt 0:00:03]} 26. hxg5 {[%emt 0:00:01]} hxg5 {[%emt 0:00:00]} 27. g3 {[%emt 0:00:01]} Rh1 {[%emt 0:00:02]} 28. b4 {[%emt 0:00:02]} axb4 {[%emt 0:00:02]} 29. Rxb4 {[%emt 0:00:00]} Rc1 {[%emt 0:00:05]} 30. Kd2 {[%emt 0:00:01]} Rf1 {[%emt 0:00:01]} 31. Ke2 {[%emt 0:00:01]} Rc1 {[%emt 0:00:01]} 32. Kd2 {[%emt 0:00:06]} Rf1 {[%emt 0:00:01]} 33. Ke3 {[%emt 0:00:02]} Rc1 {[%emt 0:00:01]} 34. Kd4 {[%emt 0:00:01]} Rf1 {[%emt 0:00:01]} 35. Rxb6 {[%emt 0:00:01]} Rxf2 {[%emt 0:00:02]} 36. Rxc6+ {[%emt 0:00:01]} Kd7 {[%emt 0:00:01]} 37. Rf6 {[%emt 0:00:01]} Rf3 {[%emt 0:00:01]} 38. c4 {[%emt 0:00:02]} f4 {[%emt 0:00:02]} 39. gxf4 {[%emt 0:00:01]} gxf4 {[%emt 0:00:00]} 40. Ke4 {[%emt 0:00:01]} Ra3 {[%emt 0:00:01]} 41. Rxf4 {[%emt 0:00:01]} Rxa4 {[%emt 0:00:01]} 42. Kd5 {[%emt 0:00:00]} Ra5+ {[%emt 0:00:02]} 43. c5 {[%emt 0:00:01]} Ra1 {[%emt 0:00:00]} 44. Rf7+ {[%emt 0:00:01]} Ke8 {[%emt 0:00:02]} 45. Rh7 {[%emt 0:00:02]} Kd8 {[%emt 0:00:01]} 46. Kd6 {[%emt 0:00:01]} Ke8 {[%emt 0:00:01]} 47. Rh8+ {[%emt 0:00:01]} Kf7 {[%emt 0:00:01]} 48. c6 {[%emt 0:00:00]} Rd1+ {[%emt 0:00:01]} 49. Kc7 {[%emt 0:00:01]} Ra1 {[%emt 0:00:00]} 50. Kb7 {[%emt 0:00:02]} Rb1+ {[%emt 0:00:02]} 51. Kc8 {[%emt 0:00:01]} Ra1 {[%emt 0:00:00]} 52. Rh7+ {[%emt 0:00:01]} Kg6 {[%emt 0:00:01]} 53. Rd7 {[%emt 0:00:01]} Ra8+ {[%emt 0:00:00]} 54. Kb7 {[%emt 0:00:01]} Ra1 {[%emt 0:00:00]} 55. c7 {[%emt 0:00:00]} Rb1+ {[%emt 0:00:00]} 56. Kc8 {[%emt 0:00:00]} Ra1 {[%emt 0:00:00]} 57. Re7 {[%emt 0:00:00]} Rd1 {[%emt 0:00:00]} 58. Re2 {[%emt 0:00:00]} Rc1 {[%emt 0:00:00]} 59. Kd8 {[%emt 0:00:00]} Kf6 {[%emt 0:00:00]} 60. Rd2 {[%emt 0:00:01]} Kf7 {[%emt 0:00:00]} 61. c8=Q {[%emt 0:00:00]} Rxc8+ {[%emt 0:00:00]} 62. Kxc8 {[%emt 0:00:00]} Kf6 {[%emt 0:00:00]} 63. Kc7 {[%emt 0:00:00] Zeit (Lag: Av=0.54s, max=1.0s)} 1-0

[Event "Stay Safe Play From Home 266"]
[Site "Emanuel Lasker Arena"]
[Date "2020.06.30"]
[Round "2"]
[White "Bardellosport"]
[Black "EL sanbary"]
[Result "0-1"]
[WhiteElo "2029"]
[BlackElo "1906"]
[Annotator "TA"]
[PlyCount "80"]
[EventDate "2020.06.30"]
[EventType "swiss (blitz)"]

{[%evp 9,79,0,0,-24,-1,-9,-2,-13,-8,-10,-8,-28,0,-3,0,-12,6,2,47,54,52,15,25,-6,21,-54,-54,-81,0,-73,-27,-30,0,-37,-18,-20,41,-48,0,-539,-523,-29983,-29982,-2413,-2104,-29988,-29989,-29989,-29990,-29992,-29993,-29993,-29992,-29994,-29993,-29993,-29992,-29993,-29994,-29994,-29995,-29998,-29994,-29994,-29995,-29995,-29996,-29997,-29998,-29998,-29999,-29999]} 1. d4 d5 2. e3 e6 3. f4 Nf6 4. Nf3 Be7 5. Bd3 O-O 6. Ne5 {D00: 1 d4 d5: Unusual lines.} b6 7. O-O Ba6 8. c3 {The position is equal.} Bxd3 9. Qxd3 c5 {[#]} 10. Qe2 $146 ({Predecessor:} 10. Rf3 Qc7 11. Rh3 Nc6 12. Nd2 Rac8 13. Ng4 g6 14. Nxf6+ Bxf6 15. Nf3 Na5 16. Qe2 {0-1 (68) Janzekovic,A (1898)-Mlacnik,J (2024) Okroglo 2004}) 10... cxd4 11. exd4 Ne4 12. Be3 f5 13. Nd2 Qc7 14. Nxe4 fxe4 15. Rac1 Nc6 16. b3 Nxe5 17. dxe5 (17. fxe5 $11 Rxf1+ 18. Qxf1) 17... Bc5 $15 18. Bxc5 bxc5 (18... Qxc5+ $17 19. Kh1 Rac8) 19. Kh1 (19. c4 $11 {keeps the balance.}) 19... Rad8 20. c4 Qc6 21. Rce1 g6 22. g4 Rf7 ({Black should play} 22... Qa6 $11) 23. Qg2 ({Better is} 23. cxd5 $14 exd5 24. f5) 23... Rdf8 24. Qg3 $2 {[%mdl 8192] Black converts the advantage convincingly.} (24. cxd5 $11 {and White is okay.} exd5 25. f5) 24... d4 $19 25. Rf2 e3+ {[%mdl 64] [#] Discovered Attack} 26. Rg2 Rxf4 {( -> ...Rf1+)} 27. h4 Qe4 {Black mates.} 28. Kh2 Rf3 29. Reg1 Rxg3 30. Rxg3 Rf2+ 31. R1g2 Rxg2+ 32. Rxg2 {[%mdl 4096] Endgame KQ-KR} Qf3 33. b4 e2 34. Rg1 Qf2+ 35. Rg2 e1=Q {[%cal Rf2h4]} 36. Rxf2 Qxf2+ {[%mdl 64] [#] Double Attack} 37. Kh3 d3 38. g5 d2 39. Kg4 d1=Q+ {[%mdl 64] Discovered Attack} 40. Kh3 Qdf3# {Accuracy: White = 44%, Black = 59%.} 0-1

[Event "Stay Safe Play From Home 266"]
[Site "Emanuel Lasker Arena"]
[Date "2020.06.30"]
[Round "2"]
[White "Haxhi Baha"]
[Black "Toosieslide"]
[Result "1-0"]
[WhiteElo "2022"]
[BlackElo "2288"]
[Annotator "TA"]
[PlyCount "53"]
[EventDate "2020.06.30"]
[EventType "swiss (blitz)"]

{[%evp 19,53,61,58,15,34,4,39,34,318,317,358,120,120,112,104,111,320,191,178,191,187,139,180,182,328,320,414,407,570,88,29998,350,29998,349,551,533]} 1. e4 e5 2. Nf3 Nc6 3. d4 exd4 4. c3 d5 5. exd5 Qxd5 6. cxd4 Bg4 7. Nc3 Bb4 8. Be2 O-O-O 9. Be3 Nf6 10. O-O Qd7 11. Qb3 {C44: Ponziani Opening and Scotch Gambit.} Be6 12. Qa4 {[#] Ne5 is the strong threat.} Bxc3 $146 ({Predecessor:} 12... Nd5 13. Rac1 Nb6 14. Qc2 f6 15. a3 Bxc3 16. bxc3 Nc4 17. Nd2 N6a5 18. a4 Rhe8 {0-1 (47) Seibt,M (1987)-Beltz,R (2121) Radebeul 2016}) 13. bxc3 {And now Rab1 would win.White is slightly better.} Kb8 $2 {[%mdl 8192]} (13... Nd5 $1 $14) 14. Bb5 $18 a6 15. Bxc6 $2 (15. Ne5 $18 {is the precise move to win.} Nxe5 16. Bxd7 Nexd7 17. Bg5) 15... Qxc6 $16 16. Qxc6 bxc6 17. Ne5 Bd5 $2 (17... Kb7 $16 {was called for.}) 18. Rab1+ (18. c4 $142) 18... Ka8 $18 19. c4 Be4 20. Rb4 ({Don't play} 20. Nxf7 $6 Bxb1 21. Nxd8 (21. Rxb1 Rb8 $17) (21. Nxh8 Bd3 $15 {[%mdl 64] Double Attack}) 21... Bxa2 $14) 20... Rhf8 21. f3 Bf5 (21... c5 {is a better defense.}) 22. Nxc6 Rd6 23. d5 Rc8 (23... Re8 {was necessary.} 24. Bc5 Nxd5) 24. Rfb1 $2 (24. Ne7 $18 {has better winning chances.} g6 25. Nxc8 Bxc8 26. Rfb1) 24... Nd7 $2 {[%mdl 8192] [#]} (24... Bxb1 $16 25. Rxb1 Rd7) 25. R1b2 $2 (25. Rb7 $1 {[%mdl 512]} Bxb1 26. Ra7#) 25... Bd3 $2 (25... Rxc6 $18 26. dxc6 Nb8) 26. Bf4 $2 (26. Rb7 {mates} Bxc4 27. Ra7#) 26... Rf6 {[#]} (26... Rxc6 $142 27. dxc6 Nb8) 27. Rb7 $1 {Accuracy: White = 26%, Black = 11%.} 1-0

[Event "Stay Safe Play From Home 266"]
[Site "Emanuel Lasker Arena"]
[Date "2020.06.30"]
[Round "2"]
[White "Patzeroglu"]
[Black "Klasman"]
[Result "1-0"]
[WhiteElo "1887"]
[BlackElo "1321"]
[Annotator "NA RC"]
[PlyCount "41"]
[EventDate "2020.06.30"]
[EventType "swiss (blitz)"]

1. f3 {[%emt 0:00:02]} f5 {[%emt 0:00:01]} 2. e3 {[%emt 0:00:00]} Nf6 {[%emt 0:00:01]} 3. Kf2 {[%emt 0:00:00]} e5 {[%emt 0:00:01]} 4. d4 {[%emt 0:00:05]} e4 {[%emt 0:00:03]} 5. f4 {[%emt 0:00:03]} d5 {[%emt 0:00:01]} 6. c4 {[%emt 0:00:02]} Ng4+ {[%emt 0:00:04]} 7. Ke1 {[%emt 0:00:02]} Bb4+ {[%emt 0:00:02]} 8. Nc3 {[%emt 0:00:02]} c5 {[%emt 0:00:04]} 9. a3 {[%emt 0:00:02]} Qa5 {[%emt 0:00:07]} 10. axb4 {[%emt 0:00:10]} Qxa1 {[%emt 0:00:02]} 11. bxc5 {[%emt 0:00:00]} Nc6 {[%emt 0:00:06]} 12. cxd5 {[%emt 0:00:02]} Nb4 {[%emt 0:00:01]} 13. h3 {[%emt 0:00:01]} Nf6 {[%emt 0:00:07]} 14. Bc4 {[%emt 0:00:01]} Qa5 {[%emt 0:00:07]} 15. Nge2 {[%emt 0:00:03]} Bd7 {[%emt 0:00:02]} 16. Kf2 {[%emt 0:00:06]} O-O {[%emt 0:00:01]} 17. Rf1 {[%emt 0:00:00]} Nd3+ {[%emt 0:00:01]} 18. Kg1 {[%emt 0:00:02]} Nxc1 {[%emt 0:00:02]} 19. Nxc1 {[%emt 0:00:01]} b5 {[%emt 0:00:01]} 20. Ba2 {[%emt 0:00:05]} b4 {[%emt 0:00:02]} 21. d6+ {[%emt 0:00:01] Time} 1-0

[Event "Stay Safe Play From Home 266"]
[Site "Emanuel Lasker Arena"]
[Date "2020.06.30"]
[Round "3"]
[White "Mepe_Nika"]
[Black "Haxhi Baha"]
[Result "0-1"]
[WhiteElo "2378"]
[BlackElo "2050"]
[Annotator "TA"]
[PlyCount "66"]
[EventDate "2020.06.30"]
[EventType "swiss (blitz)"]

{[%evp 9,66,21,32,31,47,47,50,41,61,29,35,28,31,16,12,17,39,36,38,12,25,23,28,30,128,132,129,128,141,135,148,151,155,155,148,106,331,330,324,312,325,242,240,53,53,53,54,61,54,55,59,58,55,14,14,14,14,-29992,-29993]} 1. d4 d5 2. Bf4 e6 3. e3 Bd6 4. Bxd6 Qxd6 5. c4 Qb4+ 6. Qd2 {D00: 1 d4 d5: Unusual lines.} Qxd2+ 7. Nxd2 {[#]} c6 $146 ({Predecessor:} 7... Nf6 8. Rc1 c6 9. Ngf3 O-O 10. Bd3 Nbd7 11. Ke2 Re8 12. Ne5 Nxe5 13. dxe5 Nd7 {1-0 (45) Koczo,K (2198)-Tran,M (2032) Budapest 2010}) 8. Ngf3 {White is slightly better.} Nf6 9. cxd5 exd5 10. Bd3 Nbd7 11. O-O O-O 12. b4 Re8 13. a4 $36 {[%mdl 2048] White fights for an advantage.} a6 14. b5 axb5 15. axb5 Rxa1 16. Rxa1 Nb6 {[#]} (16... c5 $11 {keeps the balance.}) 17. bxc6 $1 $16 bxc6 18. Ne5 Be6 19. Nxc6 g6 20. f3 Kg7 21. Kf2 Rc8 22. Bb5 Nc4 $2 (22... Bd7 $16 {keeps fighting.}) 23. Nxc4 $18 dxc4 24. e4 Bd7 25. Ra6 Ne8 {And now ...c3 would win.} 26. d5 $2 (26. Na7 $18 Rc7 27. Bxd7 Rxd7 28. Nb5) 26... Nc7 $1 $14 27. Ra7 Nxb5 28. Rxd7 {[%mdl 4096] Endgame KRN-KRN} c3 29. Ke3 c2 $1 {[%cal Rc2c1]} 30. Kd2 {Black must now prevent Kc1.} Nd4 $1 31. Ra7 Nxc6 32. dxc6 Rxc6 33. Ra2 $2 {[%mdl 8192] [#]} (33. Kc1 $11) 33... c1=Q+ {Quite a comeback for Black. Accuracy: White = 62%, Black = 83%.} 0-1

[Event "Stay Safe Play From Home 266"]
[Site "Emanuel Lasker Arena"]
[Date "2020.06.30"]
[Round "3"]
[White "Kubas"]
[Black "Lamborghini"]
[Result "1-0"]
[WhiteElo "2368"]
[BlackElo "2339"]
[Annotator "TA"]
[PlyCount "93"]
[EventDate "2020.06.30"]
[EventType "swiss (blitz)"]

{[%evp 21,93,50,42,41,64,35,45,11,77,74,125,116,119,75,130,130,123,43,86,87,104,87,80,62,85,25,39,45,71,-106,34,-190,53,28,60,-31,-15,-53,0,-210,-215,-405,-400,-670,-253,-247,-256,-417,-305,-391,-387,-488,-501,-471,-350,-354,-65,-381,-142,-127,132,144,160,137,195,-1579,1251,111,29986,29987,29997,29998,29999,29999]} 1. d4 Nf6 2. c4 g6 3. Nc3 Bg7 4. e4 O-O 5. Nf3 d6 6. h3 c5 7. d5 a6 8. Bd3 b5 9. cxb5 axb5 10. Bxb5 Ba6 11. Bxa6 Nxa6 12. O-O {E90: King's Indian: Classical: Early deviations and 6 h3.} Qb6 13. a4 Rfb8 {[#]} 14. Nd2 $146 {White is slightly better.} ({Predecessor:} 14. Re1 Nd7 15. Re2 Nb4 16. Bg5 Kf8 17. Be3 Qa6 18. Rd2 Rb7 19. Ra3 Nb6 20. Re2 Nc4 21. Ra1 Nxb2 22. Rxb2 Bxc3 23. Rbb1 Bxa1 24. Rxa1 Qd3 {0-1 (24) Danko,I-Frank,J (2335) Hungary 1994}) 14... Nd7 (14... Nc7 $1 $11 {remains equal.}) 15. Nb5 $16 Nb4 (15... Qb7 $142) 16. Nc4 Qd8 17. Bg5 Nb6 (17... Ne5 $142 18. Nxe5 Bxe5) 18. Nxb6 $1 Rxb6 {[#]} 19. Qe2 (19. Rb1 $1 $16) 19... h6 20. Be3 Rb7 21. Ra3 Qd7 22. Nc3 e6 23. Rd1 (23. dxe6 $16 Qxe6 24. Qd2) 23... exd5 $11 24. exd5 Qe8 25. Qc4 $2 (25. Qd2 $16) 25... Re7 (25... Nc2 $17 26. Nb5 Nxa3 27. bxa3 Qd7) 26. Rd2 $2 (26. Bd2 $14 {stays ahead.}) 26... Kh7 $2 (26... Rxe3 $19 27. fxe3 Qxe3+ {[%mdl 64] Double Attack} 28. Rf2 Nc2) 27. Kh2 f5 28. Ne2 ({White should play} 28. Bf4 $14) 28... Re4 29. Qc1 Be5+ ({Better is} 29... Qe5+ $15 30. Kg1 f4 31. Nxf4 Rxf4 32. Bxf4 Qxf4) 30. Kg1 $2 (30. g3 $1 $11) 30... f4 $19 ({Much less strong is} 30... Rxa4 31. Rxa4 Qxa4 32. g3 $17) 31. Nxf4 $2 (31. Bxc5 {is the only way for White.} dxc5 32. Nc3) 31... Bxf4 32. Bxf4 (32. Qc3 $142) 32... Rxf4 $2 (32... Re1+ 33. Qxe1 Qxe1+ 34. Kh2 Re8) 33. Re3 Qf7 ({Don't take} 33... Qxa4 34. Re7+ Kg8 35. Qe1 $17) 34. Rde2 $2 (34. b3) 34... Ra7 35. a5 Nxd5 36. Re4 Rxe4 37. Rxe4 Nf6 38. Ra4 d5 $2 (38... Qe7 $19 {Strongly threatening ...Nd5.} 39. Qe3 Qxe3 40. fxe3 Nd5) 39. a6 $2 {[%mdl 8192]} (39. Qxc5 $15 Rc7 40. Qe3) 39... d4 $2 (39... Qe7 $19 {White must now prevent ...Qd6.} 40. Ra5 d4 41. Qxc5 Qxc5 42. Rxc5 d3) 40. Qxc5 $17 {[#]} Rc7 $2 {[%mdl 8192]} (40... d3 $1 $17 {[%cal Rd3d2] Hoping for ...d2.} 41. Qe3 Qd7) 41. Qxd4 $16 {Threatens to win with a7.} Rc1+ 42. Kh2 {And now a7 would win.} Qc7+ 43. g3 $4 {[%mdl 8192]} (43. f4 $18 Qe7 44. Qd2 (44. a7 Qe1 $11)) 43... Rc2 $4 {[%mdl 8192]} (43... Qc6 $19 44. Qa7+ Kg8 45. Qb8+ Ne8 46. Qb3+ Kh8) 44. a7 $2 (44. Rb4 $18 {is more deadly.}) 44... Re2 $2 {[%mdl 8192]} (44... Ne4 $16 45. Qh8+ {[%mdl 64] Decoy} Kxh8 46. a8=Q+ {[%mdl 64] Double Attack} Qc8) 45. a8=Q {White mates.} Qc2 46. Ra7+ Nd7 47. Rxd7+ {Accuracy: White = 29%, Black = 24%.} 1-0

[Event "Stay Safe Play From Home 266"]
[Site "Emanuel Lasker Arena"]
[Date "2020.06.30"]
[Round "3"]
[White "Toosieslide"]
[Black "EL sanbary"]
[Result "1/2-1/2"]
[WhiteElo "2260"]
[BlackElo "1929"]
[Annotator "TA"]
[PlyCount "69"]
[EventDate "2020.06.30"]
[EventType "swiss (blitz)"]

{[%evp 10,68,0,-14,0,-11,-15,-4,-4,-5,-9,-13,-16,-18,-10,-28,-27,-36,-33,-33,-44,-47,-29,-99,19,30,24,13,34,31,33,22,31,0,0,-47,50,-233,-223,-245,-245,-1554,-70,-58,-60,-29994,-65,-48,18,16,647,647,885,846,29982,29983,29986,29987,29986,567,29987]} 1. d4 d5 2. c3 e6 3. Nf3 Nf6 4. g3 Be7 5. Bg2 O-O 6. O-O b6 {D02: 1 d4 d5 2 Nf3 sidelines, including 2...Nf6 3 g3 and 2...Nf6 3 Bf4.} 7. b3 Bb7 8. Bb2 Nbd7 {The position is equal.} 9. Nbd2 c5 10. Ne5 cxd4 11. cxd4 Rc8 {[#]} 12. Re1 $146 ({Predecessor:} 12. e3 Qc7 13. Rc1 Qb8 14. f4 Rxc1 15. Qxc1 Rc8 16. Qb1 Ba6 17. Rc1 Nxe5 18. dxe5 {½-½ (51) Mammadov,Z (2437)-Mukashev,A (2247) Pardubice 2013}) 12... Nxe5 13. dxe5 Ne4 14. Nxe4 dxe4 15. e3 Qxd1 16. Raxd1 (16. Rexd1 $11 Rc7 17. Rac1) 16... Rc2 (16... Bb4 $17 17. Rf1 Ba6 18. Bxe4 Bxf1 19. Kxf1 Rfd8) 17. Rd7 $11 {[%mdl 64] [#] Double Attack} Rxb2 18. Rxb7 Bc5 19. Rxa7 Rd8 $1 20. Bxe4 {Strongly threatening Bf3.} g6 21. Bf3 {Re2 is the strong threat.} Rdd2 $1 {[%csl LRa2,LRf2]} 22. Rf1 (22. b4 $5 Bxb4 23. Rf1 $11) 22... Kg7 ({Black should play} 22... Rxf2 $1 $15 23. Rxf2 Bxe3 {[%mdl 64] Pin}) 23. Bg2 $2 {[%mdl 8192]} (23. a4 $14 {stays ahead.}) 23... Bxe3 $19 24. Bh3 Bxf2+ 25. Kh1 $2 (25. Kg2 Bc5+ 26. Kf3 Rxa2 27. Rxa2 Rxa2 28. Re1) 25... Bd4 $2 ({Better is} 25... Bc5 $19 {[%csl Gb2][%cal Rd2h2]} 26. Raxf7+ {[#]} Kh6 $1 {[%mdl 512]}) 26. Rfxf7+ $15 Kh6 $1 {[%csl Gb2][%cal Rd2h2]} 27. Rxh7+ Kg5 {[%csl Gb2][%cal Rd2h2]} 28. Bf1 Rf2 (28... Bxe5 $15 29. Raf7 Rxa2) 29. Raf7 $1 $11 Rxh2+ $2 {[%mdl 8192]} (29... Bxe5 $11 30. Rxf2 Rxf2) 30. Rxh2 $18 Rb1 31. Rh4 Bf2 32. Rxf2 b5 33. Rff4 b4 34. Kh2 (34. Rhg4+ $142 Kh5 35. Kg2 g5 36. Rxb4 Rb2+ 37. Kf3 Rc2 38. Rgd4 Rc1 39. Bd3) 34... Rxf1 35. Rxf1 {Accuracy: White = 65%, Black = 66%.} 1/2-1/2